Statistics for Indian State Capitals

Click here to take the quiz!

General Stats

  • This quiz has been taken 1,233 times
  • The average score is 11 of 15

Answer Stats

HintAnswer% Correct
MaharashtraBombay
93%
Tamil NaduMadras
90%
West BengalKolkata
89%
RajasthanJaipur
86%
Andhra PradeshHyderabad
85%
BiharPatna
82%
KashmirSrinagar
81%
PunjabChandigarh
79%
GujuratGandhinagar
78%
GoaPanaji
74%
AssamDispur
64%
ChhattisgarhRaipur
64%
Arunachal PradeshItanagar
56%
TripuraAgartala
52%
KarnatakaBanglore
39%

Score Distribution

Percentile by Number Answered

Percent of People with Each Score

Your Score History

You have not taken this quiz